000 00505nmm a2200169Ia 4500
008 251105s9999||||xx |||||||||||||||||und||
020 _a9789560000668
041 _aspa
100 _aFazio, Hugo
245 0 _aCrisis mundial ¿recesión o depresión?
264 _a[Santiago de Chile, Chile] :
_bLOM Ediciones,
_c2009
300 _a250 páginas
490 _aCiencias Sociales y Humanas
650 _aEconomics and Business
856 _uhttps://public.digitaliapublishing.com/a/13115
942 _cCF
999 _c93389
_d93389